000 00656cab a2200217 4500
001 X224
008 090401t1992 xxu||||| |||| 00| 0 eng d
035 _a(Sirsi) u64486
041 _aeng
100 _aSmith, Peter F.
245 _aPeaceable re-entry and relief against forfeiture : Billson in the Court of Appeal
260 _c1992
350 _a0
490 _aConveyancer & Property Lawyer
_vJanuary/February 1992, 32-40(9)
650 _aBILLSON AND OTHERS V RESIDENTIAL APARTMENTS LTD
650 _aPEACEABLE RE-ENTRY
650 _aLAW OF PROPERTY ACT 1925 S146
690 _aLandlord and tenant
_96252
942 _n0
948 _c04/03/1997
999 _c40167
_d40167